Finite mathematics for management, life, and social sciences / (Record no. 179760)
[ view plain ]
| 000 -LEADER | |
|---|---|
| fixed length control field | 01079 a2200241 4500 |
| 003 - CONTROL NUMBER IDENTIFIER | |
| control field | NUST |
| 005 - DATE AND TIME OF LATEST TRANSACTION | |
| control field | 20221028130146.0 |
| 010 ## - LIBRARY OF CONGRESS CONTROL NUMBER | |
| LC control number | 83025358 |
| 020 ## - INTERNATIONAL STANDARD BOOK NUMBER | |
| International Standard Book Number | 0023063947 |
| 040 ## - CATALOGING SOURCE | |
| Transcribing agency | Nust |
| 082 00 - DEWEY DECIMAL CLASSIFICATION NUMBER | |
| Classification number | 510,BAR |
| 100 1# - MAIN ENTRY--PERSONAL NAME | |
| Personal name | Barnett, Raymond A. |
| 9 (RLIN) | 101628 |
| 245 10 - TITLE STATEMENT | |
| Title | Finite mathematics for management, life, and social sciences / |
| Statement of responsibility, etc. | Raymond A. Barnett, Michael R. Ziegler. |
| 250 ## - EDITION STATEMENT | |
| Edition statement | 4th ed. |
| 260 ## - PUBLICATION, DISTRIBUTION, ETC. | |
| Place of publication, distribution, etc. | San Francisco, Calif. : |
| Name of publisher, distributor, etc. | Dellen Pub. Co., |
| Date of publication, distribution, etc. | c1987. |
| 300 ## - PHYSICAL DESCRIPTION | |
| Extent | xvi, 408 p.: |
| Dimensions | 23 cm. |
| 505 ## - FORMATTED CONTENTS NOTE | |
| Formatted contents note | Preliminaries (Page-1), Systems of Linear Equations; Matrices (Page-41), Linear Inequalities and Linear Programming (Page-107), Mathematics of Finance (Page-211), Probability (Page-241), Additional Topics in Probability (Page-279), Data Description and Probability (Page-279), Data Description and Probability Distributions (Page-323), Games and Decisions (Page-359). |
| 650 #0 - SUBJECT ADDED ENTRY--TOPICAL TERM | |
| Topical term or geographic name entry element | Biomathematics. |
| 9 (RLIN) | 101629 |
| 650 #0 - SUBJECT ADDED ENTRY--TOPICAL TERM | |
| Topical term or geographic name entry element | Mathematics. |
| 650 #0 - SUBJECT ADDED ENTRY--TOPICAL TERM | |
| Topical term or geographic name entry element | Social sciences |
| General subdivision | Mathematics. |
| 9 (RLIN) | 101630 |
| 700 1# - ADDED ENTRY--PERSONAL NAME | |
| Personal name | Ziegler, Michael R. |
| 9 (RLIN) | 101632 |
| 942 ## - ADDED ENTRY ELEMENTS (KOHA) | |
| Source of classification or shelving scheme | |
| Koha item type | Book |
| Call number prefix | 510,BAR |
| Withdrawn status | Lost status | Source of classification or shelving scheme | Damaged status | Not for loan | Permanent Location | Current Location | Shelving location | Date acquired | Full call number | Barcode | Date last seen | Price effective from | Koha item type | Public note |
|---|---|---|---|---|---|---|---|---|---|---|---|---|---|---|
| Military College of Signals (MCS) | Military College of Signals (MCS) | General Stacks | 12/12/2016 | 510,BAR | MCS7598 | 12/08/2016 | 12/12/2016 | Book Bank | Almirah No. A/135, Shelf No.3 |
